000 00375pam a2200157a 44500
008 230515b1983 xxu||||| |||| 00| 0 eng d
020 _aNULL
041 _aENGLISH
082 _a630
100 _a10186-1982
245 _aMANUAL TUNGSTEN INERT GAS ARC WELDING OF COPPER AND COPPER ALLOYS
250 _a0
260 _aDELHI
_bISI
_c1983
300 _a24
650 _aNULL
999 _c651868
_d651868